<?xml version="1.0" encoding="UTF-8"?>
<record
    xmlns:xsi="http://www.w3.org/2001/XMLSchema-instance"
    xsi:schemaLocation="http://www.loc.gov/MARC21/slim http://www.loc.gov/standards/marcxml/schema/MARC21slim.xsd"
    xmlns="http://www.loc.gov/MARC21/slim">

  <leader>00742nam a22002537a 4500</leader>
  <controlfield tag="005">20170123162353.0</controlfield>
  <datafield tag="010" ind1=" " ind2=" ">
    <subfield code="a">186768</subfield>
  </datafield>
  <datafield tag="020" ind1=" " ind2=" ">
    <subfield code="c">4.50</subfield>
  </datafield>
  <datafield tag="035" ind1=" " ind2=" ">
    <subfield code="a">186768</subfield>
  </datafield>
  <datafield tag="037" ind1=" " ind2=" ">
    <subfield code="b">Cen Lib/Ret</subfield>
  </datafield>
  <datafield tag="040" ind1=" " ind2=" ">
    <subfield code="a">DPL</subfield>
    <subfield code="b">UR</subfield>
  </datafield>
  <datafield tag="082" ind1=" " ind2=" ">
    <subfield code="a">847</subfield>
    <subfield code="b">&#x627; &#x62D; &#x645; </subfield>
  </datafield>
  <datafield tag="100" ind1=" " ind2=" ">
    <subfield code="a">&#x67E;&#x627;&#x634;&#x627;&#x60C; &#x627;&#x62D;&#x645;&#x62F; &#x62C;&#x645;&#x627;&#x644; </subfield>
    <subfield code="9">376</subfield>
  </datafield>
  <datafield tag="245" ind1=" " ind2=" ">
    <subfield code="a">/ &#x627;&#x646;&#x62F;&#x6CC;&#x634;&#x6C1; &#x634;&#x6C1;&#x631; </subfield>
    <subfield code="c">&#x627;&#x62D;&#x645;&#x62F; &#x62C;&#x645;&#x627;&#x644; &#x67E;&#x627;&#x634;&#x627;</subfield>
  </datafield>
  <datafield tag="246" ind1=" " ind2=" ">
    <subfield code="a">Andeshaei shaher /</subfield>
    <subfield code="b">by Ahmad Jamal Pasha</subfield>
  </datafield>
  <datafield tag="260" ind1=" " ind2=" ">
    <subfield code="a">&#x644;&#x6A9;&#x62C;&#x6BE;&#x646;&#x648;&#x648; </subfield>
    <subfield code="b">&#x67E;&#x646;&#x686; &#x67E;&#x628;&#x644;&#x634;&#x631;&#x632; </subfield>
    <subfield code="c">00??</subfield>
  </datafield>
  <datafield tag="270" ind1=" " ind2=" ">
    <subfield code="b">&#x644;&#x6A9;&#x62C;&#x6BE;&#x646;&#x648;&#x648; </subfield>
  </datafield>
  <datafield tag="300" ind1=" " ind2=" ">
    <subfield code="a">208p.</subfield>
    <subfield code="c">16cm(Hb)</subfield>
  </datafield>
  <datafield tag="650" ind1=" " ind2=" ">
    <subfield code="a">&#x627;&#x631;&#x62F;&#x648; &#x627;&#x62F;&#x628;</subfield>
    <subfield code="9">137724</subfield>
  </datafield>
  <datafield tag="650" ind1=" " ind2=" ">
    <subfield code="a">&#x6A9;&#x6C1;&#x627;&#x646;&#x6CC; </subfield>
    <subfield code="9">137725</subfield>
  </datafield>
  <datafield tag="650" ind1=" " ind2=" ">
    <subfield code="z">Urdu literature </subfield>
    <subfield code="9">137726</subfield>
  </datafield>
  <datafield tag="650" ind1=" " ind2=" ">
    <subfield code="z">Story</subfield>
    <subfield code="9">12604</subfield>
  </datafield>
  <datafield tag="942" ind1=" " ind2=" ">
    <subfield code="2">ddc</subfield>
    <subfield code="c">UR</subfield>
    <subfield code="h">847</subfield>
    <subfield code="m">&#x627; &#x62D; &#x645; </subfield>
  </datafield>
  <datafield tag="999" ind1=" " ind2=" ">
    <subfield code="c">109422</subfield>
    <subfield code="d">109422</subfield>
  </datafield>
  <datafield tag="952" ind1=" " ind2=" ">
    <subfield code="0">0</subfield>
    <subfield code="1">0</subfield>
    <subfield code="4">0</subfield>
    <subfield code="7">0</subfield>
    <subfield code="a">L</subfield>
    <subfield code="b">L</subfield>
    <subfield code="d">2016-03-10</subfield>
    <subfield code="e">Cen Lib/Ref</subfield>
    <subfield code="g">4.50</subfield>
    <subfield code="l">0</subfield>
    <subfield code="o">847 &#x627; &#x62D; &#x645;</subfield>
    <subfield code="p">186768</subfield>
    <subfield code="r">2016-03-10 00:00:00</subfield>
    <subfield code="t">1</subfield>
    <subfield code="v">4.50</subfield>
    <subfield code="w">2016-03-10</subfield>
    <subfield code="y">UR</subfield>
  </datafield>
</record>
